| Tag |
First Indicator |
Second Indicator |
Subfields |
| LEADER |
00000cam a2200000 a 4500 |
| 001 |
in00000088453 |
| 005 |
20151008063220.0 |
| 008 |
810408s1981 caua b 00110 eng d |
| 020 |
|
|
|a 0931988462
|
| 035 |
|
|
|a (OCoLC)07317474
|
| 035 |
|
|
|9 AAK1802AM
|
| 040 |
|
|
|a BXM
|c BXM
|d TXA
|d UtOrBLW
|
| 049 |
|
|
|a TXAM
|c [802485]
|
| 090 |
|
|
|a QA76.8.A66
|b P66
|
| 100 |
1 |
|
|a Poole, Lon.
|
| 245 |
1 |
0 |
|a Apple II user's guide /
|c by Lon Poole ; with Martin McNiff & Steven Cook.
|
| 264 |
|
1 |
|a Berkeley, Calif. :
|b Osborne/McGraw Hill,
|c 1981.
|
| 300 |
|
|
|a xii, 385 pages :
|b illustrations ;
|c 24 cm.
|
| 336 |
|
|
|a text
|b txt
|2 rdacontent
|
| 337 |
|
|
|a unmediated
|b n
|2 rdamedia
|
| 338 |
|
|
|a volume
|b nc
|2 rdacarrier
|
| 500 |
|
|
|a Includes index.
|
| 504 |
|
|
|a Bibliography: pages [371]-372.
|
| 650 |
|
0 |
|a Apple computer
|x Handbooks, manuals, etc.
|
| 700 |
1 |
|
|a McNiff, Martin,
|d 1954-
|
| 700 |
1 |
|
|a Cook, Steven,
|d 1960-
|
| 999 |
|
|
|a MARS
|
| 999 |
f |
f |
|s ed13144f-7869-328f-9b85-14c9534c63da
|i 7800a6a7-1f80-3861-ba40-91f43d0d08d8
|t 0
|
| 952 |
f |
f |
|p ric
|a Texas A&M University
|b Rellis Campus
|c Joint Library Facility
|d Remote Storage
|t 0
|e QA76.8.A66 P66
|h Library of Congress classification
|i unmediated -- volume
|m A14805922555
|
| 998 |
f |
f |
|a QA76.8.A66 P66
|t 0
|l Remote Storage
|